000 00637nam a2200217 a 4500
999 _c4535
_d4535
001 4535
003 BD-JhCC
005 20171128181847.0
008 171128s1979 b ||||| |||| 00| 0 b d
035 _a(BD-JhCC)
040 _aBD-JhCC
_dBD-JhCC
041 _aben
082 _a552
_bHAQ 1979
100 _aহক, মাজহারুল সৈয়দ
245 _aশিলাবিদ্যা /
_cসৈয়দ মাজহারুল হক
260 _aঢাকা :
_bবাংলা একাডেমী,
_c১৯৭৯
300 _a380 p. :
_c22cm.
650 _aPetrology
942 _2ddc
_cBK